000 00438nam a2200181Ia 4500
001 12539
005 20260306162949.0
008 260306t2022||||xx |||||||||||||| ||spa||
041 _aESP
082 _aHR 346
_bN° 2 MAR-ABR 2022 RDC
100 _aBigiavi, Walter
_eAUT
245 0 _aRivista di diritto civile
260 _c2022
300 _a399 páginas :
_c24 cm.
650 _aGEN
654 _aCDE
942 _cREV
_dJUS
_fJUS
_2ddc
_n
999 _c12539
_d12539